00937nam a22002652a 450000100060000000300080000600500170001400800410003103500190007204000420009104100080013308200210014110000350016224500870019725000120028426000290029630000250032549000300035050400500038065000380043083000370046894200120050599900170051795201370053432588BD-RjUL20211209051848.0140427t1950 enk b 001 0 eng d a(BD-RjUL)32677 aDLCcODCdOCLdUKMdEQOdBD-RjULbeng aeng a299.51bHEC 19501 aHerbert, Edward,d1891-99904012aA Confucian notebook /cby Edward Herbert [pseud.] With a foreword by Arthur Waley a1st ed. aLondon :bMurray,c1950. axiii, 89 p. ;c18 cm1 aWisdom of the East series aIncludes bibliographical reference and index. 0aConfucius and Confucianism99494210aWisdom of the East series999161 2ddccBK c32588d32588 00102ddc40718NFICaRUCLbRUCLcReadingd1958-01-18espalding trustl0o299.51 HEC 1950r2014-04-27 00:00:00tC-1w2014-04-27yBK